| 000 | 00506nam a2200193 i 4500 | ||
|---|---|---|---|
| 001 | bg | ||
| 245 | 0 |
_aDatenstrukturen und elementare Algorithmen : _bProgrammierbeispiele in C und Pascal. |
|
| 260 |
_aWürzburg, _c1991. |
||
| 300 | _eDyskietka. | ||
| 490 | _aTool Informatik | ||
| 650 | _aC (język programowania) | ||
| 650 | 9 | _aPASCAL | |
| 830 | _aTool Informatik | ||
| 040 | _cBPK | ||
| 041 | _apol | ||
| 080 | _a681.322:519.682 | ||
| 942 | _cKS | ||
| 008 | s pl f |000 0 pol | ||
| 999 |
_c29428 _d29428 |
||
| 856 |
_uhttp://koha.tu.koszalin.pl/cgi-bin/koha/opac-detail.pl?biblionumber=29428 _yKatalog online BPK |
||